000 00548nam a2200193Ia 4500
003 GCL
008 140319s9999 xx 000 0 ara d
040 _aGCL /
_cGCL
082 0 4 _a962.054
_bس م
100 1 _aسمير فراج
245 1 0 _aالملكة فريدة:ثائرة على عرش فاروق /
_cسمير فراج
260 _a[S.N] :
_bالزهراء للاعلام العربى ،
_c1991
300 _a599 ص
490 _a
650 0 4 _aالعصر الحديث
650 0 4 _aمصر
650 0 4 _aتاريخ
942 _2ddc
_cBK
999 _c27913
_d27913